|
|
|
|
| LEADER |
00000cam a2200000 7i4500 |
| 001 |
0000002685 |
| 005 |
20031030.0 |
| 090 |
0 |
0 |
|a FAO338.17495
|b ZHA 1997
|
| 100 |
1 |
0 |
|a ZHANG
|h Dali
|
| 245 |
1 |
0 |
|a Trends and outlook for forest products consumption, production and trade in the Asia-Pacific region
|c by Dali Zhang, Joseph Buongiorno and Shushuai Zhu
|
| 260 |
0 |
0 |
|a Rome :
|b Food and Agriculture Organization of the United Nations ,
|c 1997
|
| 300 |
|
|
|a 161 p. ;
|c 30 cm.
|
| 440 |
0 |
0 |
|a Asia-Pacific forestry sector outlook study working paper series no. APFSOS/WP/12
|
| 500 |
0 |
0 |
|a Bibliography : p. 154-155
|
| 650 |
0 |
0 |
|a Forest products industry
|z Asia
|
| 650 |
0 |
0 |
|a Forest products industry
|z Pacific Areas
|
| 700 |
0 |
1 |
|a Buongiorno
|h Joseph
|
| 700 |
0 |
1 |
|a Zhu
|h Shushuai
|
| 710 |
1 |
1 |
|a Food and Agriculture Organization of the United Nations (FAO)
|
| 998 |
|
|
|a JPSM
|
| 999 |
|
|
|a 0000004740
|b Monograph
|c Food and Agriculture Organization
|e Default branch
|
| 999 |
|
|
|a 0000004741
|b Monograph
|c Food and Agriculture Organization
|e Default branch
|